| 000 | 02249nam a2200229Ia 4500 | ||
|---|---|---|---|
| 001 | b6380-45673 | ||
| 003 | IT-MiCISF | ||
| 008 | 161014s9999||||xx |||||||||||||| ||und|| | ||
| 040 |
_aIT-MiCISF _cIT-MiCISF |
||
| 041 | _ait | ||
| 100 | _aPinnelli Antonella (a cura di) | ||
| 245 | 0 | _aGenere famiglia e salute | |
| 250 | _a1a ed. | ||
| 260 |
_a Milano _bFranco Angeli _c2007 |
||
| 300 | _app. 620 | ||
| 500 | _aPinnelli A., Racioppi F., Terzera L., Fiori F., Giavante S., Mucitelli P., Brait F., Ungaro P., Bambini C., Digiucio P., Ricci G., Guasco E., Addis E., Faraone M., Tomassini C., Birindelli A.M., Farina P., Zanatta A.L., Di Cesare M.... / famiglia, lavoro, formazione, differenza-sessuale, famiglia-migranti, ruoli-familiari, uscita-dalla-famiglia, convivenza, divorzio, periodo-perinatale, periodo-neonatale, alimentazione, parto, giovani, mortalità, salute / Quanto è cambiato il sistema di genere in Italia negli ultimi trent'anni? A che punto siamo rispetto agli altri Paesi sviluppati? E che ripercussioni ci sono state sulla famiglia e sulla salute? Partendo da queste domande gli AA. tracciano un quadro di largo respiro sulle differenze fra uomini e donne nella formazione di capitale umano, nel mercato del lavoro e nella partecipazione ai processi decisionali e di potere. La prospettiva si sposta poi sulla sfera privata, nell'analisi delle differenze di ruoli e di valori. Vengono quindi considerati gli eventi principali del ciclo di vita della famiglia: il passaggio alla vita adulta legato all'uscita dalla casa dei genitori, la formazione e lo scioglimento delle unioni, la fecondità, e l'influenza che ha su di essi da un lato il cambiamento di condizione della donna, dall'altro la maggiore partecipazione dell'uomo ai ruoli di cura. L'ultimo tema, quello della salute, considera l'eccessiva medicalizzazione della nascita e la capacità delle donne e dei loro partner di limitarla, la supermortalità maschile fra i giovani, e le differenze di genere nelle condizioni di salute oggettive e soggettive di adulti e anziani. | ||
| 650 |
_a Dinamiche familiari / famiglia _e001 |
||
| 700 | _aRaccioppi Filomena (a cura di) | ||
| 700 | _aTerzera Laura (a cura di) | ||
| 942 | _cBK | ||
| 957 | _71 | ||
| 999 |
_a45673 _bsi _g1 _c210669 _d210669 |
||